Disarmament yearbook. V 31; 2006 (Record no. 691739)

MARC details
000 -LEADER
fixed length control field 00836nam a2200265Ia 4500
003 - CONTROL NUMBER IDENTIFIER
control field OSt
005 - DATE AND TIME OF LATEST TRANSACTION
control field 20220927105317.0
008 - FIXED-LENGTH DATA ELEMENTS--GENERAL INFORMATION
fixed length control field 220926b |||||||| |||| 00| 0 eng d
020 ## - INTERNATIONAL STANDARD BOOK NUMBER
International Standard Book Number 978921422573
037 ## - SOURCE OF ACQUISITION
Terms of availability Reference Collections
040 ## - CATALOGING SOURCE
Original cataloging agency RTL
Transcribing agency RTL
Language of cataloging eng
041 ## - LANGUAGE CODE
Source of code eng
Language code of text/sound track or separate title eng
110 ## - MAIN ENTRY--CORPORATE NAME
Corporate name or jurisdiction name as entry element "UNITED NATIONS, DISARMAMENT AFFAIRS (Deptt of-)"
9 (RLIN) 371593
245 #0 - TITLE STATEMENT
Title Disarmament yearbook. V 31; 2006
260 ## - PUBLICATION, DISTRIBUTION, ETC.
Place of publication, distribution, etc. New
Name of publisher, distributor, etc. York United Nations
Date of publication, distribution, etc. 2007
300 ## - PHYSICAL DESCRIPTION
Extent "xiii, 538p"
Dimensions cm.
500 ## - GENERAL NOTE
General note Appendix P 263-529
700 ## - ADDED ENTRY--PERSONAL NAME
Personal name "UNITED NATIONS, DISARMAMENT AFFAIRS (Deptt of-)"
9 (RLIN) 371594
942 ## - ADDED ENTRY ELEMENTS (KOHA)
Classification part "V1:1954.594.N25, P7/UN"
Koha item type
Holdings
Withdrawn status Lost status Damaged status Not for loan Home library Current library Date acquired Total Checkouts Full call number Barcode Date last seen Price effective from Koha item type
        Ratan Tata Library Ratan Tata Library 2022-09-27   "V1:1954.594.N25 P7/UN" RT1329662 2022-09-27 2022-09-27  
Copyright @ Delhi University Library System